00781nam a22002417a 450000500170000001000130001702000210003003500130005103700160006404000120008008200150009210000250010724500640013226000360019627000380023230000230027050000190029365000320031265000300034494200240037499900190039895201220041720170124110008.0 aB-019737 c00.00a818731737 aB-019737 bCen Lib/Ret aDPLbEN a685.5bMIT aMittal, R. K.917214 aHandbook of effective quality management /cby R. K. Mittal aDelhibRajat Publicationsc1999 bDelhia4/32, Geeta Colonye110031 av,322p. c22cm(Hb) aIncludes index aEffective Management917215 aQuality Management917216 2ddccENh685.5mMIT c126316d126316 00104070aLbLd2015-06-25eCen Lib/Retg0.00l0o685.5 MITpB-019737r2015-06-25 00:00:00t1v0.00w2015-06-25yEN